Quiz wpisz jak najwięcej liczb - Statystyki

Ogólne statystyki
  • Ten quiz został rozwiązany 62 razy
  • Średni wynik to 40 z 50
Statystyki odpowiedzi
;/ cyfry % Poprawnych
/ 1
100%
/ 2
98%
/ 4
98%
/ 3
95%
/ 5
95%
/ 6
95%
/ 7
95%
/ 8
95%
/ 9
95%
/ 10
93%
/ 11
93%
/ 13
93%
/ 15
93%
/ 19
93%
/ 12
91%
/ 14
91%
/ 16
91%
/ 17
91%
/ 18
91%
/ 20
91%
/ 26
91%
/ 21
88%
/ 22
88%
/ 23
88%
/ 24
86%
/ 25
86%
/ 28
86%
/ 29
86%
/ 27
84%
/ 31
84%
/ 32
81%
/ 30
79%
/ 34
77%
/ 33
74%
/ 35
74%
/ 37
74%
/ 36
72%
/ 38
72%
/ 39
65%
/ 42
65%
/ 40
63%
/ 43
63%
/ 41
60%
/ 44
58%
/ 45
58%
/ 46
58%
/ 47
51%
/ 48
51%
/ 49
51%
/ 50
47%
Nie znaleziono quizów pasujących do podanych kryteriów
Rozkład punktacji
Procent ludzi z każdym wynikiem
Percentyl według liczby udzielonych odpowiedzi
Twoja historia wyników
Nie rozwiązałeś tego quizu